Sudden Death: Top 15 Majors for Employment - Statistics

General Stats
  • This quiz has been taken 12 times
  • The average score is 2 of 15
Answers on the Grid
Answers color-coded by a green-red scale on the quiz's grid according to % correct below.
Accounting
Aerospace Engineering
Agriculture
American History
Architecture
Biomedical Engineering
Chemical Engineering
Civil Engineering
Computer Science
Construction Services
Early Childhood Education
Electrical Engineering
Elementary Education
Forensic Science
Information Systems & Management
International Relations
Linguistics
Marine Biology
Marketing
Mathematics
Mechanical Engineering
Middle/Secondary Education
Neuroscience
Nursing
Pharmacy
Political Science
Psychology
Sociology
Spanish
Special Education
 
Answer Stats
Answer % Correct
Accounting
70%
Nursing
30%
Aerospace Engineering
20%
Agriculture
20%
Chemical Engineering
20%
Civil Engineering
20%
Computer Science
10%
Early Childhood Education
10%
Elementary Education
10%
Information Systems & Management
10%
Mathematics
10%
Construction Services
0%
Electrical Engineering
0%
Mechanical Engineering
0%
Special Education
0%
No matching quizzes found
Score Distribution
Percent of People with Each Score
Percentile by Number Answered
Your Score History
You have not taken this quiz